000 00542nam a2200169Ia 4500
008 090201s9999 xx 000 0 und d
010 _aKPL-38139
040 _bमराठी
041 _aमराठी
082 _a18337
_b38139
100 _aसुमती क्षेत्रमाडे
245 _aशततारका
_cसुमती क्षेत्रमाडे
260 _c2004
_bप्रिया प्रकाशन
300 _a216
_bमोठा
600 _aशततारका
942 _cBOOK
999 _c218228
_d218228